| 000 | 00893cab a2200253 4500 | ||
|---|---|---|---|
| 001 | WB3241-35 | ||
| 008 | 090401t1996 xxu||||| |||| 00| 0 eng d | ||
| 035 | _a(Sirsi) u39913 | ||
| 041 | _aeng | ||
| 245 | _a`We`d pay extra for showers` | ||
| 260 | _c1996 | ||
| 350 | _a0 | ||
| 490 |
_aBuilding Homes _v(8) November 1996, 7(1) |
||
| 520 | _aResearch carried out on behalf of the William Sutton Trust amongst, tenants of its new Broad Meadows Estate, Stafford, finds that over half would pay more rent for extra fittings. Other findings. | ||
| 650 | _aBROAD MEADOWS ESTATE | ||
| 650 | _aFIXTURES AND FITTINGS | ||
| 650 | _aHOUSING ASSOCIATIONS | ||
| 650 | _aIMPROVEMENTS | ||
| 650 | _aTENANTS REQUIREMENTS | ||
| 650 | _aWILLIAM SUTTON TRUST | ||
| 690 | _aPROPERTY-RESIDENTIAL PROPERTY-RESIDENTIAL LANDLORD AND TENANT-RESIDENTIAL TENANCIES | ||
| 942 | _n0 | ||
| 948 | _c04/03/1997 | ||
| 999 |
_c25550 _d25550 |
||